The Council Tax and Non-Domestic Rating (Demand Notices) (Amendment) (England) Regulations 2006 (Record no. 105340)

MARC details
000 -LEADER
fixed length control field 00864cam a2200205 4500
001 - CONTROL NUMBER
control field ##L133161
008 - FIXED-LENGTH DATA ELEMENTS--GENERAL INFORMATION
fixed length control field 060418n2006 000 0 eng u
020 ## - INTERNATIONAL STANDARD BOOK NUMBER
International Standard Book Number 0110741161
035 ## - SYSTEM CONTROL NUMBER
System control number (Sirsi) u133161
041 0# - LANGUAGE CODE
Language code of text/sound track or separate title eng
245 04 - TITLE STATEMENT
Title The Council Tax and Non-Domestic Rating (Demand Notices) (Amendment) (England) Regulations 2006
260 ## - PUBLICATION, DISTRIBUTION, ETC.
Place of publication, distribution, etc. London
Name of publisher, distributor, etc. TSO
Date of publication, distribution, etc. 2006
490 #0 - SERIES STATEMENT
Series statement SI
Volume/sequential designation 2006: 492
520 ## - SUMMARY, ETC.
Summary, etc. Amends the Council Tax and Non-Domestic Rating (Demand Notices) (England) Regulations 2003 in relation to non-domestic rating demand notices only.
590 ## - LOCAL NOTE (RLIN)
Local note IKA250406
650 24 - SUBJECT ADDED ENTRY--TOPICAL TERM
Topical term or geographic name entry element COUNCIL TAX AND NON-DOMESTIC RATING (DEMAND NOTICES) (ENGLAND) REGULATIONS 2003
690 ## - LOCAL SUBJECT ADDED ENTRY--TOPICAL TERM (OCLC, RLIN)
Topical term or geographic name as entry element PROPERTY-PROPERTY TAXATION
856 40 - ELECTRONIC LOCATION AND ACCESS
Uniform Resource Identifier <a href="https://www.opsi.gov.uk/si/si2006/20060492.htm">https://www.opsi.gov.uk/si/si2006/20060492.htm</a>
Public note View the Statutory Instrument free of charge at www.opsi.gov.uk...
942 ## - ADDED ENTRY ELEMENTS (KOHA)
Suppress in OPAC 0
Holdings
Withdrawn status Lost status Source of classification or shelving scheme Damaged status Not for loan Home library Current library Shelving location Date acquired Total Checkouts Full call number Barcode Date last seen Copy number Price effective from Koha item type
    Dewey Decimal Classification     Virtual Virtual Online 18/04/2006   ONLINE PUBLICATION 133161-1001 06/08/2019 1 06/08/2019 Book